000 00690nam a2200253Ia 4500
003 OSt
005 20220918164514.0
006 a|||||r|||| 00| 0
007 ta
008 220917b |||||||| |||| 00| 0 eng d
020 _a0631230181 (pbk)
024 _a201,733
037 _cTextual
040 _aARTS
_cARTS
_beng
041 _2eng
_aeng
082 _aR, P1
100 _aRescher Nicholas
_918578
245 0 _aPhilosophical reasoning
_b a study in the methodology of philosophizing
260 _aUSA
_bBlackwell publishers
_c2001
300 _axi, 282p
_ccm.
650 _aPHILOSOPHY
942 _hR, P1
_cTEXL
_2CC
999 _c125115
_d125115